[Event "POR-ch Seniors 50"]
[Site "Peniche"]
[Date "2023.06.06"]
[Round "1"]
[White "Fernandes, Antonio ETG"]
[Black "Miranda, Raul A Barros"]
[Result "1-0"]
[WhiteElo "2334"]
[BlackElo "1698"]
[PlyCount "79"]
[EventDate "2023.06.06"]
[EventType "swiss"]
[EventRounds "5"]
[EventCountry "POR"]
[SourceTitle "CBM 214 Extra"]
[Source "ChessBase"]
[SourceDate "2023.07.31"]
[SourceVersion "1"]
[SourceVersionDate "2023.07.31"]
[SourceQuality "1"]

1. d4 d5 2. Nf3 Nf6 3. c4 e6 4. g3 dxc4 5. Bg2 Be7 6. 0-0 0-0 7. Qc2 Nbd7 8. Qxc4 c5 9. Rd1 Qb6 10. Nc3 cxd4 11. Nxd4 Qc5 12. Qxc5 Bxc5 13. Na4 Be7 14. Nb5 e5 15. Be3 Nb6 16. Nxb6 axb6 17. Bxb6 Ra6 18. Bc7 e4 19. Bd6 Bxd6 20. Nxd6 Be6 21. Nxe4 Nxe4 22. Bxe4 Rb6 23. b3 g6 24. Rac1 Ra8 25. Rd2 Rb4 26. f3 f5 27. Bd5 Bxd5 28. Rxd5 Rxa2 29. Rd7 Ra8 30. Rcc7 Rxb3 31. Rg7+ Kh8 32. Rxh7+ Kg8 33. Kf2 Rb6 34. Ke3 Re8+ 35. Kf4 Rxe2 36. Kg5 Ree6 37. f4 Red6 38. Rcg7+ Kf8 39. Kh6 g5+ 40. Kxg5 1-0

[Event "BRA-ch Seniors 50+"]
[Site "Sao Paulo"]
[Date "2019.10.11"]
[Round "1"]
[White "Serafim Junior, Arnor"]
[Black "Miranda, Raul A Barros"]
[Result "0-1"]
[WhiteElo "1844"]
[BlackElo "1570"]
[PlyCount "138"]
[EventDate "2019.10.11"]
[EventType "swiss"]
[EventRounds "5"]
[EventCountry "BRA"]
[SourceTitle "CBM 193 Extra"]
[Source "ChessBase"]
[SourceDate "2020.01.31"]
[SourceVersion "1"]
[SourceVersionDate "2020.01.31"]
[SourceQuality "1"]

1. Nf3 d5 2. g3 Bf5 3. d3 Nf6 4. Bg2 e6 5. 0-0 h6 6. Nbd2 Bd6 7. Re1 Be7 8. b3 Nc6 9. Bb2 0-0 10. e4 dxe4 11. dxe4 Bg4 12. h3 Bxf3 13. Nxf3 Qxd1 14. Raxd1 Rad8 15. e5 Nd5 16. a3 Bc5 17. b4 Bb6 18. c4 Ndxb4 19. axb4 Nxb4 20. Ba3 Bc5 21. Nd4 Bxd4 22. Bxb4 c5 23. Ba3 b6 24. Kf1 Bc3 25. Rxd8 Rxd8 26. Re3 Rd1+ 27. Ke2 Rd2+ 28. Kf3 Bd4 29. Re2 Rd3+ 30. Kg4 Rxa3 31. Bc6 a6 32. f4 g6 33. Kh4 a5 34. Rg2 a4 35. Bb5 Ra1 36. Re2 h5 37. g4 hxg4 38. hxg4 a3 39. Ba4 Rb1 40. Kg5 Rb4 41. Be8 Rb2 42. Re1 a2 43. Kf6 Rh2 44. Bxf7+ Kf8 45. Bxe6 a1Q 46. Rxa1 Bxa1 47. Kxg6 Rf2 48. Kf5 Ke7 49. Bd5 Bc3 50. Ke4 Bd4 51. g5 Rg2 52. Kf5 Rf2 53. g6 Kf8 54. Kg5 Be3 55. e6 Bxf4+ 56. Kg4 Be5 57. Kg5 Bg7 58. Kh5 Ke7 59. Kg5 Re2 60. Kf5 Re5+ 61. Kf4 Rxe6 62. Bxe6 Kxe6 63. Ke4 Kf6 64. Kd3 Kxg6 65. Ke4 Kf6 66. Kd5 Kg6 67. Kc6 Bd4 68. Kxb6 Kf5 69. Kc6 Ke6 0-1

[Event "Hebraica op 26th"]
[Site "Hebraica"]
[Date "2019.01.13"]
[Round "5"]
[White "Rodrigues, Gabriel Estevao"]
[Black "Miranda, Raul A Barros"]
[Result "0-1"]
[WhiteElo "1405"]
[BlackElo "1600"]
[PlyCount "48"]
[EventDate "2019.01.11"]
[EventType "swiss"]
[EventRounds "6"]
[EventCountry "BRA"]
[SourceTitle "EXT 2020"]
[Source "ChessBase"]
[SourceDate "2019.10.17"]
[SourceVersion "1"]
[SourceVersionDate "2019.10.17"]
[SourceQuality "1"]

1. d4 Nf6 2. c4 g6 3. Nf3 Bg7 4. g3 d5 5. Bg2 c6 6. Qc2 Bf5 7. Qb3 Qc8 8. 0-0 dxc4 9. Qxc4 0-0 10. Nbd2 Nbd7 11. Re1 Nb6 12. Qb3 Bh3 13. e4 Bxg2 14. Kxg2 Qg4 15. Ne5 Qc8 16. Ndf3 Nfd7 17. Bf4 Nxe5 18. Bxe5 Nd7 19. Bxg7 Kxg7 20. Rac1 Qb8 21. Qc3 Kg8 22. Qb4 e5 23. Rcd1 exd4 24. Rxd4 c5 0-1